| 000 | 00000cam 2200000zi 4500 |
| 001 | 9.557510 |
| 003 | CaOODSP |
| 005 | 20210624171926 |
| 007 | cr ||||||||||| |
| 008 | 150406s2000||||xxc|||||o f|0| 0 eng d |
| 020 | |a0-660-18340-4 |
| 022 | |a1205-9153 |
| 040 | |aCaOODSP|beng |
| 043 | |an-cn--- |
| 086 | 1 |aCS11-0019/156E-PDF|zCS11-0019/156E-IN |
| 100 | 1 |aZakhilwal, Omar, |eauthor. |
| 245 | 04|aThe impact of international trade on the wages of Canadians / |cby Omar Zakhilwal. |
| 260 | |aOttawa, Ontario : |bStatistics Canada, |cDecember 2000. |
| 300 | |a1 online resource (19 pages) : |breferences, tables. |
| 336 | |atext|btxt|2rdacontent |
| 337 | |acomputer|bc|2rdamedia |
| 338 | |aonline resource|bcr|2rdacarrier |
| 490 | 1 |aAnalytical Studies Branch research paper series ; |x1205-9153|vNo. 156 |
| 500 | |aThe ISSN (1200-5233) for the print edition has been incorrectly copied in this electronic publication. |
| 520 | 3 |a"Developments in the relative wages of more and less educated workers during the early 1990s are studied in this paper, with particular attention being paid to the impact of international trade"--Abstract. |
| 590 | |a12-37-Supp|b2012-09-24 |
| 710 | 2 |aStatistics Canada, |eissuing body. |
| 775 | 08|tIncidence du commerce international sur les salaires des Canadiens / |w(CaOODSP)9.590765 |
| 776 | 0#|tThe impact of international trade on the wages of Canadians / |w(CaOODSP)9.615386 |
| 830 | #0|aResearch paper series (Statistics Canada. Analytical Studies Branch)|x1205-9153|vNo. 156|w(CaOODSP)9.504421 |
| 856 | 40|ahttp://publications.gc.ca|qPDF|s85 KB|uhttps://publications.gc.ca/collections/Collection/CS11-0019-156E.pdf|yNo. 156 |